00278nam a2200121Ia 4500008004100000041001200041082001100053100002000064245003900084250000900123260001600132650000800148221030s9999 xx 000 0 und d aEnglish a105.23 aMonika Raina/79 0aRegional Administrative Services a2006 aJammuc2006 aMCA